| 000 | 00807nam a22002297a 4500 | ||
|---|---|---|---|
| 999 |
_c525580 _d525580 |
||
| 003 | NUST | ||
| 005 | 20190703061928.0 | ||
| 008 | 190703b ||||| |||| 00| 0 eng d | ||
| 038 | _aIESE | ||
| 040 | _c0 | ||
| 050 | _a363.7 MAH | ||
| 082 | _a363.7 MAH | ||
| 100 |
_aFatimah Mahmood _916491 |
||
| 245 |
_aExploring the impact of climate change and atmospheric oxidant on crop productivity in Pakistan _cFatimah Mahmood |
||
| 260 |
_aIslamabad _bIESE (SCEE) NUST _c2019 |
||
| 300 |
_a84p. _bH.B |
||
| 440 |
_aMS Environmental Science _91724 |
||
| 500 | _aThesis MS ES | ||
| 650 |
_aEnvironmental Science _91725 |
||
| 700 | _4Dr. M Fahim Khokhar (Supervisor) | ||
| 942 |
_2ddc _cTHE _kIESE |
||